=LDR 00000nam 2200000 4500 =001 INLIS000000000047426 =005 20151112171236.0 =006 =007 =008 =020 ##$$a 978-979-678-389-2 =035 ##$$0010-111500000000030 =040 ##$$a ind =082 ##$$a 530 =090 ##$$a 530 $b Muh =100 ##$$a Muhammad =245 ##$$a Berkenalan Dengan Fisika =250 ##$$a cet. I =260 ##$$a Bandung $b Sarana Panca karya Nusa 4c 2008 =300 ##$$a v, 59 hlm $b 25 cm =850 ##$$a NBPDMAT =990 ##$$a 0001/BPAP-NTB/2015 =990 ##$$a 0001/BPAP-NTB/2016 =990 ##$$a 0001/BPAP-NTB/2016 =990 ##$$a 0001/BPAP-NTB/2016 =990 ##$$a 0001/BPAP-NTB/2016